Quizzes
Events
Quiz Creation
Community
Videos
Private Events
Remove Ads
Sign In
Join for FREE
Feedback
Dark Mode
Quiz Categories
Sports
Geography
Music
Movies
Television
Just For Fun
Miscellaneous
History
Literature
Language
Science
Gaming
Entertainment
Religion
Holiday
For Kids
Quiz Lab
Recent
Popular Today
Quiz Kudos Today
Editor Picks
Curator Picks
Quizzes by...
Day
Popularity
Type
Ratings
Length
Year
Community
Subscriptions
Recent Discussions
Orange Saloon
Badges
Playlists
Quests
Create
Leaderboards
Showdown
Live 5
Trivia Bingo
Activity
Puzzle Library
Sporcle Events
Private Events
Virtual Trivia
Globe League
Become a Host
Pub Owners
SporcleCon
Opinionation
Our Games
Videos
Blog
Mobile Apps
Partnerships
Remove Ads and Go Orange
Feedback
History
US Presidents
World Leaders
Politics
Nation
Discovery
War
Decade
Year
Century
Biography
Art
History
US Presidents
World Leaders
Politics
Nation
Discovery
War
Decade
Year
Century
Biography
Art
Random Quiz
Search Sporcle
×
Quiz Lab
Quiz Lab
History
World Leaders
Type in answers that appear in a list
Type in answers that appear in a list
Classic
Best Score? Go Orange.
Aussie Prime Ministers - by Anagram ! Stats
Can you name the Aussie Prime Ministers - by Anagram !?
By
26broadway
10m
26 Questions
37 Plays
37 Plays
37 Plays
Comments
Comments
Give Quiz Kudos
Give Quiz Kudos
-
- Ratings
hide this ad
Replay
Link that replays current quiz
Next Quiz
Link to next quiz in quiz playlist
You Got
0%
They Got
Avg Score
47%
Avg Friend Score
Upgrade to see
Score Distribution
Jump to the score distribution portion of the page
Score
0/26
Timer
10:00
0
Plays Today
Anagram
Name
% Correct
Hold Harlot
Harold Holt
89.2%
Jaw Doh Horn
John Howard
86.5%
Vied Drunk
Kevin Rudd
83.8%
Tribesmen Zero
Robert Menzies
64.9%
Kaput Genial
Paul Keating
64.9%
Kebab Who
Bob Hawke
62.2%
Urban Oddment
Edmund Barton
56.8%
Whim Moll Maniac
William McMahon
56.8%
Gulag Whom Hit
Gough Whitlam
56.8%
Highly Lubes
Billy Hughes
54.1%
Formals Calmer
Malcolm Fraser
48.6%
Joint Chum
John Curtin
43.2%
Byline Chef
Ben Chifley
43.2%
Anagram
Name
% Correct
Not Jog Horn
John Gorton
40.5%
Dandier Flake
Alfred Deakin
35.1%
Shown Racist
Chris Watson
35.1%
Leap Agree
Earle Page
35.1%
Drank Offer
Frank Forde
35.1%
Go Greedier
George Reid
32.4%
Wharfs Denier
Andrew Fisher
32.4%
Pooch Jokes
Joseph Cook
32.4%
Lose John Spy
Joseph Lyons
32.4%
Dead Fainter
Artie Fadden
32.4%
Cleanest Ruby
Stanley Bruce
29.7%
Jasmine Culls
James Scullin
29.7%
Jam On Wench
John McEwan
13.5%
Quiz Playlist
Details
Report
Send in Message
Add To Playlist
Classic:
Type in answers that appear in a list
Last Updated: Feb 16, 2017
Quiz Scoreboard
CHALLENGE
Sign Up to Join the Scoreboard
Show All
Scores
Hide
Comments
May contain spoilers
Recently Published
One Thing in Common: World Cities II
by knightlancer
Geography
7m
Popular People in 1961
by mucciniale
History
6m
1-10 Letter E Words III
by El_Dandy
Language
2m
More to Explore
Quiz From the Vault
Featured Blog Post
Where Did the Easter Bunny Come From?
hide this ad
You Might Also Like...
Tags
World Leaders Quiz
anagrams
aussie
prime
Prime Ministers
Today's Top Quizzes in History
Browse History
hide this ad
Today's Top Quizzes in World Leaders
Browse World Leaders
Top Contributed Quizzes in History
1
Popular People in 1991
2
Popular People in 1981
3
Popular People in 1951
4
Popular People in 1941
5
Popular People in 1986
6
Popular People in 1921
7
Popular People in 1976
8
Popular People in 1946
9
Popular People in 1936
10
I Am Born On March 28th
Explore More
Trending Topics
Disney
Marvel
Kpop
Crossword
Anime
Harry Potter
NBA
WWE
Country
Song
NFL
Soccer
Pokémon
Puzzle
The Office
hide this ad
More By:
26broadway
Quiz
Plays
Rating
Category
Featured
Created
My name is Michael, and I'm in charge !
1,292
3.67
Sports
Jan 27, 2010
Aussies with Cricket World Cup medals
1,035
3.00
Sports
Jan 30, 2010
Australian Cricket Captains by anagram
775
3.33
Sports
Feb 5, 2010
The surname is the same ....
416
3.00
Sports
Jan 31, 2010
Aussie Captains in ODI's
376
Sports
Feb 4, 2010
Go to Creator's Profile
Score Distribution
Quiz Creator Spotlight
26broadway
Follow
Send a Message
Quizzes Created
-
Created Quiz Play Count
-
More By This Creator
Popular Quizzes Today
1
Find the US States - No Outlines Minefield
2
The Countries of the World
3
Popular People in 1961
4
Find the Countries of Europe - No Outlines Minefield
5
1-10 Letter E Words III
6
Find the US States
7
One Thing in Common: World Cities II
8
US States
More History Quizzes
December Presidents
Quiz Lab
Trending Quizzes
Country Music Stars Doing Things
Get the Picture: Carrie or Dolly
1-10 Letter F Words
1-10 Letter G Words
Risky Map Clicking: Next State Alphabetically
Recently Updated
Leaping Animals
pecheneg
Reality TV Shows (A-Z)
bhenderson79
Rickey Henderson's Hall of Fame Teammates
pecheneg
Champions League XIs: Arsenal
pecheneg
Quick Pick: Celebrities in WWE's Hall of Fame
aduchscher
A-Z Keypad Blitz II
pecheneg
Multiple Oscar Actors
pecheneg
Mystery Phrase Blitz: Oscar 'Best Actors'
pecheneg
F. Scott Fitzgerald Novels
LTH
Pick 3 Villains
ddd62291
Trending Topics
Marvel
NBA
Harry Potter
Disney
Anime
Crossword
Kpop
WWE
Song
NFL
Country
Puzzle
Soccer
Pokémon
The Office
Your Account Isn't Verified!
In order to create a playlist on Sporcle, you need to verify the email address you used during registration. Go to your
Sporcle Settings
to finish the process.
Report this User
Report this user for behavior that violates our
Community Guidelines
.
Details:
Send Report
Go to the Sporcle.com Mobile Site →
Comments